| 000 | 01260nam a2200337 a 4500 | ||
|---|---|---|---|
| 001 | ebr10670720 | ||
| 003 | CaPaEBR | ||
| 006 | m u | ||
| 007 | cr cn||||||||| | ||
| 008 | 121004s2013 nyu sb 001 0 eng d | ||
| 010 | _z 2012950967 | ||
| 020 | _z9783034301404 (alk. paper) | ||
| 020 | _z9783035304121 (e-book) | ||
| 040 |
_aCaPaEBR _cCaPaEBR |
||
| 035 | _a(OCoLC)847625036 | ||
| 043 | _ae-ie--- | ||
| 050 | 1 | 4 |
_aGR153.5 _b.D86 2013eb |
| 100 | 1 | _aDuncan, Dawn. | |
| 245 | 1 | 0 |
_aIrish myth, lore and legend on film _h[electronic resource] / _cDawn Duncan. |
| 260 |
_aNew York : _bPeter Lang, _c2013. |
||
| 300 | _ax, 171 p. | ||
| 490 | 1 |
_aReimagining Ireland, _x1662-9094 ; _vv. 27 |
|
| 504 | _aIncludes bibliographical references and index. | ||
| 533 |
_aElectronic reproduction. _bPalo Alto, Calif. : _cebrary, _d2013. _nAvailable via World Wide Web. _nAccess may be limited to ebrary affiliated libraries. |
||
| 650 | 0 |
_aFolklore _zIreland. |
|
| 651 | 0 |
_aIreland _xIn motion pictures. |
|
| 655 | 7 |
_aElectronic books. _2local |
|
| 710 | 2 | _aebrary, Inc. | |
| 830 | 0 |
_aReimagining Ireland ; _vv. 27. |
|
| 856 | 4 | 0 |
_uhttp://site.ebrary.com/lib/rucke/Doc?id=10670720 _zAn electronic book accessible through the World Wide Web; click to view |
| 999 |
_c61785 _d61785 |
||